[Event "GER-chT U12"]
[Site "Gross Doelln"]
[Date "2010.12.28"]
[Round "4.4"]
[White "Halas, Julia"]
[Black "Stryschik, Tobias"]
[Result "1-0"]
[WhiteElo "1191"]
[BlackElo "825"]
[PlyCount "64"]
[EventDate "2010.12.27"]
[EventType "team-swiss"]
[EventRounds "7"]
[EventCountry "GER"]
[SourceTitle "CBM 140 Extra"]
[Source "ChessBase"]
[SourceDate "2011.03.01"]
[SourceVersion "1"]
[SourceVersionDate "2011.03.01"]
[SourceQuality "1"]
[WhiteTeam "Leipzig BSG Chemie U12"]
[BlackTeam "Lippstadt Turm U12"]
[WhiteTeamCountry "GER"]
[BlackTeamCountry "GER"]

1. e4 e5 2. Nf3 Nc6 3. d4 Nf6 4. d5 Na5 5. Bd2 b6 6. Nc3 Bc5 7. Nxe5 d6 8. Bb5+ Bd7 9. Bxd7+ Nxd7 10. Nxd7 Qxd7 11. Qe2 c6 12. e5 dxe5 13. Qxe5+ Qe7 14. Qxe7+ Bxe7 15. dxc6 Nxc6 16. Nd5 Bd6 17. Bf4 Rd8 18. Nc7+ Kd7 19. Bxd6 Nd4 20. 0-0-0 Kxd6 21. Nb5+ Kc5 22. Nxd4 Rxd4 23. Rxd4 Kxd4 24. Rd1+ Ke5 25. Rd7 Ke6 26. Rxa7 Re8 27. Ra3 Kd5 28. Re3 Rd8 29. Rd3+ Ke6 30. Rxd8 Ke7 31. Rb8 Kd7 32. Rxb6 Kc7 1-0

[Event "GER-chT U12"]
[Site "Gross Doelln"]
[Date "2010.12.28"]
[Round "3.4"]
[White "Hoppe, Andreas"]
[Black "Stryschik, Tobias"]
[Result "1-0"]
[WhiteElo "1193"]
[BlackElo "825"]
[PlyCount "89"]
[EventDate "2010.12.27"]
[EventType "team-swiss"]
[EventRounds "7"]
[EventCountry "GER"]
[SourceTitle "CBM 140 Extra"]
[Source "ChessBase"]
[SourceDate "2011.03.01"]
[SourceVersion "1"]
[SourceVersionDate "2011.03.01"]
[SourceQuality "1"]
[WhiteTeam "Hagen U12"]
[BlackTeam "Lippstadt Turm U12"]
[WhiteTeamCountry "GER"]
[BlackTeamCountry "GER"]

1. d4 d5 2. Bf4 Bf5 3. Nc3 Nf6 4. f3 Nc6 5. e3 e6 6. Bd3 Bxd3 7. Qxd3 Nb4 8. Qd2 b6 9. Nge2 c5 10. 0-0-0 Nh5 11. g4 Nxf4 12. Nxf4 Qc7 13. Nd3 Nxd3+ 14. Qxd3 g6 15. Qb5+ Qd7 16. Qxd7+ Kxd7 17. e4 Bg7 18. dxc5 Bxc3 19. bxc3 bxc5 20. exd5 e5 21. Rhe1 Rhe8 22. Rf1 Rab8 23. Kd2 h5 24. Rb1 Kd6 25. c4 Rb6 26. Rxb6+ axb6 27. Rb1 Rb8 28. Ke3 hxg4 29. fxg4 b5 30. Rxb5 Rxb5 31. cxb5 Kxd5 32. c4+ Kd6 33. Ke4 Ke6 34. a4 Kd6 35. a5 Kc7 36. Kxe5 f5 37. gxf5 gxf5 38. Kxf5 Kb7 39. h4 Ka7 40. h5 Kb7 41. h6 Ka7 42. h7 Kb7 43. h8Q Ka7 44. b6+ Ka6 45. Qa8# 1-0